00883nam a2200217Ia 4500001000700000003000500007008004100012010001100053020005100064040000900115082001900124100001900143245014200162260006800304300001100372503009800383504003300481650006100514650006100575710002900636Z_6948CHAP220113s9999 xx 000 0 und d a170203 a0-8014-8587-8 (rustica) \ 0-8014-3624-9 (tela) cCHAP a597.609726 L44 aLee, Julian C. aA field guide to the amphibians and reptiles of the Maya world : the lowlands of Mexico, Northern Guatemala, and Belize /cJulian C. Lee aEstados Unidos de América :bCornell University Press,c  a402 p. aej.1: consumo \ ej.2: consumo \ ej.3: consumo \ ej.4: consumo \ ej.5: consumo \ ej.6: consumo aBibliografía: p. 387 - 393 aAnfibios xx Peninsula de Yucatan xx Identificación aReptiles xx Peninsula de Yucatan xx Identificación aCornell University Press